header

Sacred rights (Record no. 6831)

MARC details
000 -LEADER
fixed length control field 01314nam a22003254a 4500
001 - CONTROL NUMBER
control field ebr10273308
003 - CONTROL NUMBER IDENTIFIER
control field CaPaEBR
006 - FIXED-LENGTH DATA ELEMENTS--ADDITIONAL MATERIAL CHARACTERISTICS--GENERAL INFORMATION
fixed length control field m u
007 - PHYSICAL DESCRIPTION FIXED FIELD--GENERAL INFORMATION
fixed length control field cr cn|||||||||
008 - FIXED-LENGTH DATA ELEMENTS--GENERAL INFORMATION
fixed length control field 020614s2003 nyu sb 001 0 eng
010 ## - LIBRARY OF CONGRESS CONTROL NUMBER
Canceled/invalid LC control number 2002008363
020 ## - INTERNATIONAL STANDARD BOOK NUMBER
Cancelled/invalid ISBN 0195160002 (acid-free paper)
Cancelled/invalid ISBN 0195160010 (pbk.)
040 ## - CATALOGING SOURCE
Original cataloging agency CaPaEBR
Transcribing agency CaPaEBR
035 ## - SYSTEM CONTROL NUMBER
System control number (OCoLC)646793034
050 14 - LIBRARY OF CONGRESS CALL NUMBER
Classification number HQ766.2
Item number .S23 2003eb
082 04 - DEWEY DECIMAL CLASSIFICATION NUMBER
Classification number 291.5/66
Edition number 21
245 00 - TITLE STATEMENT
Title Sacred rights
Medium [electronic resource] :
Remainder of title the case for contraception and abortion in world religions /
Statement of responsibility, etc edited by Daniel C. Maguire.
260 ## - PUBLICATION, DISTRIBUTION, ETC. (IMPRINT)
Place of publication, distribution, etc Oxford [UK] ;
-- New York :
Name of publisher, distributor, etc Oxford University Press,
Date of publication, distribution, etc 2003.
300 ## - PHYSICAL DESCRIPTION
Extent viii, 295 p.
504 ## - BIBLIOGRAPHY, ETC. NOTE
Bibliography, etc Includes bibliographical references and index.
533 ## - REPRODUCTION NOTE
Type of reproduction Electronic reproduction.
Place of reproduction Palo Alto, Calif. :
Agency responsible for reproduction ebrary,
Date of reproduction 2013.
Note about reproduction Available via World Wide Web.
-- Access may be limited to ebrary affiliated libraries.
650 #0 - SUBJECT ADDED ENTRY--TOPICAL TERM
Topical term or geographic name as entry element Birth control
General subdivision Religious aspects.
Topical term or geographic name as entry element Contraception
General subdivision Religious aspects.
Topical term or geographic name as entry element Abortion
General subdivision Religious aspects.
655 #7 - INDEX TERM--GENRE/FORM
Genre/form data or focus term Electronic books.
Source of term local
700 1# - ADDED ENTRY--PERSONAL NAME
Personal name Maguire, Daniel C.
710 2# - ADDED ENTRY--CORPORATE NAME
Corporate name or jurisdiction name as entry element ebrary, Inc.
856 40 - ELECTRONIC LOCATION AND ACCESS
Uniform Resource Identifier <a href="http://site.ebrary.com/lib/rucke/Doc?id=10273308">http://site.ebrary.com/lib/rucke/Doc?id=10273308</a>
Public note An electronic book accessible through the World Wide Web; click to view

No items available.

© 2026 Rongo University
Contact us: librarian | system librarian | Rongo university